Theoretical mechanics : (Record no. 30458)
[ view plain ]
| 000 -LEADER | |
|---|---|
| fixed length control field | 01030cam a2200325 i 4500 |
| 001 - CONTROL NUMBER | |
| control field | 5715649 |
| 003 - CONTROL NUMBER IDENTIFIER | |
| control field | EG-ScBUE |
| 005 - DATE AND TIME OF LATEST TRANSACTION | |
| control field | 20230606123352.0 |
| 008 - FIXED-LENGTH DATA ELEMENTS--GENERAL INFORMATION | |
| fixed length control field | 741121s1968 ru k f 001 0 eng d |
| 035 ## - SYSTEM CONTROL NUMBER | |
| System control number | (OCoLC)ocn687212587 |
| 035 ## - SYSTEM CONTROL NUMBER | |
| System control number | 5715649 |
| 040 ## - CATALOGING SOURCE | |
| Original cataloging agency | AKR |
| Language of cataloging | eng |
| Description conventions | rda |
| Transcribing agency | AKR |
| Modifying agency | OCL |
| -- | YUS |
| -- | WaOLN |
| -- | CtY |
| -- | EG-ScBUE |
| 041 1# - LANGUAGE CODE | |
| Language code of text/sound track or separate title | eng |
| Language code of original and/or intermediate translations of text | rus |
| 082 04 - DEWEY DECIMAL CLASSIFICATION NUMBER | |
| Edition number | 22 |
| Classification number | 531.01517 |
| Item number | TAR |
| 100 1# - MAIN ENTRY--PERSONAL NAME | |
| Personal name | Targ, S. |
| Fuller form of name | (Semen) |
| Relator term | author. |
| 245 10 - TITLE STATEMENT | |
| Title | Theoretical mechanics : |
| Remainder of title | a short course / |
| Statement of responsibility, etc | S. Targ ; translated from the Russian by V. Talmy. |
| 264 #1 - PUBLICATION, DISTRIBUTION, ETC. (IMPRINT) | |
| Place of publication, distribution, etc | Moscow : |
| Name of publisher, distributor, etc | Mir Publishers, |
| Date of publication, distribution, etc | 1968. |
| 300 ## - PHYSICAL DESCRIPTION | |
| Extent | 447 pages : |
| Other physical details | forms ; |
| Dimensions | 23 cm |
| 336 ## - CONTENT TYPE | |
| Source | rdacontent |
| Content type term | text |
| Content type code | txt |
| 337 ## - MEDIA TYPE | |
| Source | rdamedia |
| Media type term | unmediated |
| Media type code | n |
| 338 ## - CARRIER TYPE | |
| Source | rdacarrier |
| Carrier type term | volume |
| Carrier type code | nc |
| 500 ## - GENERAL NOTE | |
| General note | Includes index.<br/> |
| 546 ## - LANGUAGE NOTE | |
| Language note | Text in English ; translated from the original Russian.<br/> |
| 650 #7 - SUBJECT ADDED ENTRY--TOPICAL TERM | |
| Topical term or geographic name as entry element | Mechanics, Analytic. |
| Source of heading or term | BUEsh |
| 655 ## - INDEX TERM--GENRE/FORM | |
| Form subdivision | Reading book |
| 700 1# - ADDED ENTRY--PERSONAL NAME | |
| Personal name | Talmy, Vladimir, |
| Relator term | translator. |
| 942 ## - ADDED ENTRY ELEMENTS (KOHA) | |
| Source of classification or shelving scheme | Dewey Decimal Classification |
| Koha item type | Book - Borrowing |
| 947 ## - LOCAL PROCESSING INFORMATION (OCLC) | |
| a | PLL4538 |
| 948 ## - LOCAL PROCESSING INFORMATION (OCLC); SERIES PART DESIGNATOR (RLIN) | |
| Series part designator, SPT (RLIN) | OCLC RECON |
| Withdrawn status | Lost status | Source of classification or shelving scheme | Damaged status | Not for loan | Collection code | Home library | Current library | Shelving location | Date acquired | Source of acquisition | Total Checkouts | Full call number | Barcode | Date last seen | Price effective from | Koha item type |
|---|---|---|---|---|---|---|---|---|---|---|---|---|---|---|---|---|
| Dewey Decimal Classification | Donation-Gift | Central Library | Central Library | First floor | 06/06/2023 | Donation | 531.01517 TAR | 000056743 | 15/07/2025 | 06/06/2023 | Book - Borrowing |